000 01240nam a22002057a 4500
999 _c62942
_d62942
003 Ge_BSU
005 20250328120158.0
008 250327s1949 ge ||||| |||| 00| 0 geo d
041 _ageo
080 _a930.2:003.072(=353.1) ჯ-14
100 _aჯავახიშვილი, ივანე
_924690
245 _aისტორიის მიზანი, წყაროები და მეთოდები წინათ და ეხლა. წ. 3. ნაკვ. 1, ქართული დამწერლობათა-მცოდნეობა ანუ პალეოგრაფია /
_cივანე ჯავახიშვილი; რედ. ს. აბულაძე.
250 _aმეორე გამოცემა.
264 _aთბილისი :
_bსტალინის სახ. თბილ. სახელმწ. უნ-ტის გამ-ბა და სტ.,
_c1949.
300 _a392 გვ.
_b24 სმ.
653 _aქართული დამწერლობა
653 _aსაქართველოს პალეოგრაფია
700 _aაბულაძე, ი.
_eრედაქტორი
_924691
942 _2udc
_cᲬᲘᲒᲜᲘ